Jednoduché účtovníctvo v roku 1993. Prevodový mostík z roku 1992 do roku 1993 v podvojnom účtovníctve. Zákon o účtovníctve
Na minha lista:
| Formato: | Livro |
|---|---|
| Idioma: | eslovaco |
| Publicado em: |
Bratislava
EPOS
[1993]
|
| Edição: | 1. vyd. |
| Assuntos: | |
| Tags: |
Sem tags, seja o primeiro a adicionar uma tag!
|
MARC
| LEADER | 00000nam a2200000 4500 | ||
|---|---|---|---|
| 001 | c002327 | ||
| 005 | 20221214083553.9 | ||
| 020 | |a 80-85703-25-4 | ||
| 041 | 0 | |a slo | |
| 044 | |a SK | ||
| 245 | 1 | 0 | |a Jednoduché účtovníctvo v roku 1993. Prevodový mostík z roku 1992 do roku 1993 v podvojnom účtovníctve. Zákon o účtovníctve |
| 250 | |a 1. vyd. | ||
| 264 | 1 | |a Bratislava |b EPOS |c [1993] | |
| 300 | |a 96 s. | ||
| 610 | 2 | 0 | |a účtovníctvo |
| 610 | 2 | 0 | |a reformy hospodárske |
| 610 | 2 | 0 | |a 1993 |
| 610 | 2 | 0 | |a podnikanie |
| 610 | 2 | 0 | |a knihy účtovné |
| 610 | 2 | 0 | |a uzávierka účtovná |
| 610 | 2 | 0 | |a majetok investičný |
| 610 | 2 | 0 | |a zásoby |
| 610 | 2 | 0 | |a evidencia hospodárska |
| 610 | 2 | 0 | |a mzdy |
| 610 | 2 | 0 | |a Slovensko |
| 610 | 2 | 0 | |a 1992 |
| 610 | 2 | 0 | |a 1991 |